My French Animal Alphabet - Statistics

General Stats
  • This quiz has been taken 23 times
  • The average score is 16 of 26
Answer Stats
Picture Hint Answer % Correct
A Alligator
88%
L Lion
81%
E Éléphant
75%
G Girafe
75%
H Hippopotame
75%
R Rhinocéros
75%
S Singe
75%
T Tigre
75%
V Vache
75%
Z Zèbre
75%
D Dinosaure
69%
J Jaguar
69%
K Koala
69%
O Ours
69%
P Pingouin
69%
C Cerf
63%
F Flamant Rose
63%
M Morse
63%
Y Yéti
63%
B Buffle
56%
I Iguane
50%
N Narval
44%
Q Quetzal
38%
W Wallaby
31%
X Xérus
19%
U Urodèle
6%
No matching quizzes found
Score Distribution
Percent of People with Each Score
Percentile by Number Answered
Your Score History
You have not taken this quiz